| 000 | 00595nam a22001817a 4500 | ||
|---|---|---|---|
| 003 | DO-SdBNP | ||
| 005 | 20171201103457.0 | ||
| 008 | 171120b 2011 wau ||||| |||| 00| 0 spa d | ||
| 040 |
_aBPMSU _bspa _cBPMSU |
||
| 092 |
_axxxxx _bxxxxx |
||
| 100 | 1 | _aSmith, George Albert | |
| 245 | 1 | 0 |
_aEnseñanzas de los presidentes de la iglesia / _cGeorge Albert Smith. |
| 260 |
_aEstado Unidos de América : _bIglesia de Jesucristo de los Santos de los últimos Días, _c2011. |
||
| 300 |
_aXLIV, 288 p. : _bil. : _c23 cm. |
||
| 942 |
_2ddc _cBK |
||
| 945 | _aInventariado 2017 | ||
| 956 |
_aDGARCIA _b10 |
||
| 999 |
_c12956 _d12956 |
||